Konkretno ta crjamovano

Bibliographic Details
Format: Article
Language:Ukrainian
PhysicalDescription:Obr. 1.
Subjects:

MARC

LEADER 00000nab a2200000 a 4500
001 vtls000106585
003 SK-MaSNL
005 20260319073636.0
008 111104c1981 xo 0 ukr
015 |a SNBRB19rr/mm-uuuuu 
035 |a CL0116688 
040 |a SNKBUCL  |b slo  |c SNKBUCL  |e AACR2 
041 0 |a ukr 
044 |a xo  |c SK 
080 |a 374  |2 1981 
245 0 0 |a Konkretno ta crjamovano  |c -nl- 
300 |b Obr. 1. 
610 2 7 |a Kultúrny zväz ukrajinských pracujúcich (Slovensko)  |2 snkbucl  |9 89421 
655 7 |a články z novín a časopisov  |2 snkbucl  |9 267496 
773 0 |t Nove žyttja  |g Roč. 31, č. 43 (30. 10. 1981), s. 1 
850 |a Slovenská národná knižnica v Martine  |a MTA001 
852 |a SNK  |b KIS3GCP 
992 |a RBX 
999 |c 1639012  |d 1640942